L'Action française (Registro nro. 309537)

Detalles MARC
000 -ENCABEZADO
Número de control [NR] 01882cam a2200457Mi 4500
001 - NÚMERO DE CONTROL
control field ocn470915170
003 - IDENTIFICADOR DE CONTROL NÚMERO
control field Co-BoUCM
005 - FECHA Y HORA DE LA ÚLTIMA TRANSACCIÓN
control field 20180417105805.0
008 - DE LONGITUD FIJA DE DATOS DE ELEMENTOS - INFORMACIÓN GENERAL
Elementos de longitud fija [NR] 180417s2008 fr a f o100 0 fre d
015 ## - NUMERO DE BIBLIOGRAFIA NACIONAL [R]
Número de bibliografía nacional [R] 00835496
Fuente [NR] bnf
016 7# - NUMERO DE CONTROL DE AGENCIA BIBLIOGRAFICA NACIONAL [R]
Número de control [NR] FRBNF412415730000004
Fuente [NR] FrPBN
020 ## - NUMERO INTERNACIONAL NORMALIZADO PARA LIBROS [R]
Número Internacional Normalizado del libro [NR] 9782757400432
020 ## - NUMERO INTERNACIONAL NORMALIZADO PARA LIBROS [R]
Número Internacional Normalizado del libro [NR] 2757400436
029 0# - OTRO SISTEMA DE NÚMERO DE CONTROL (OCLC)
OCLC library identifier BDF
System control number FRBNF412415730000004
029 1# - OTRO SISTEMA DE NÚMERO DE CONTROL (OCLC)
OCLC library identifier CHRRO
System control number R004714291
029 1# - OTRO SISTEMA DE NÚMERO DE CONTROL (OCLC)
OCLC library identifier ZWZ
System control number 124346189
035 ## - NUMERO DE CONTROL DEL SISTEMA [R]
Número de control del sistema [NR] (OCoLC)470915170
Numero Cancelado/no válido [R] (OCoLC)997384375
040 ## - FUENTE DE CATALOGACION [NR]
Agencia de catalogación original [NR] Co-BoUCM
Idioma de catalogación [NR] spa
Quien Cataloga Saul Niño
Quien Clasifica Saul Niño
041 0# - CODIGO DE IDIOMA [R]
Código de idioma para texto/pista de sonido o título separado [R] Francés
050 14 - SIGNATURA TOPOGRAFICA DE LA BIBLIOTECA DEL CONGRESO (LC) [R]
Número clasificador [R] DC369
Número del ítem [NR] .A317 2008
072 #7 - CODIGO DE CATEGORIA TEMATICA [R]
Código de categoría temática [NR] s1sp
Fuente [NR] rero
245 02 - MENCION DE TITULO [NR]
Título [NR] L'Action française
Parte restante del título [NR] culture, société, politique
Mención de responsabilidad, etc. [NR] Michel Leymarie et Jacques Prévotat, éds
246 05 - FORMA VARIANTE DEL TITULO [R]
Título propiamente dicho/forma breve del título [NR] Action francaise
260 ## - PUBLICACION, DISTRIBUCION, ETC. (PIE DE IMPRENTA) [R]
Lugar de publicación, distribución, etc. [R] Villeneuve-d'Ascq
Nombre del editor, distribuidor, etc. [R] Presses universitaires du Septentrion
Fecha de publicación, distribución, etc. [R] 2008
300 ## - DESCRIPCION FISICA [R]
Extensión [R] 434 páginas
Otros detalles físicos [NR] ilustraciones
490 0# - MENCION DE SERIE [R]
Mención de serie [R] Histoire et civilisations
ISBN [NR] 1284-5655
500 ## - NOTA GENERAL [R]
Nota general [NR] Index. Résumé en français et en anglais
546 ## - NOTA DE IDIOMA [R]
Nota de idioma [NR] Texto en francés
600 14 - ASIENTO SECUNDARIO DE MATERIA - NOMBRE PERSONAL [R]
Nombre personal [NR] Maurras, Charles
Fechas asociadas con el nombre [NR] 1868-1952
Subdivisión general [R] Influencia
-- Congresos, conferencias, etc
9 (RLIN) 92176
610 04 - ASIENTO SECUNDARIO DE MATERIA - NOMBRE CORPORATIVO [R]
Nombre corporativo o nombre de la jurisdicción como elemento de entrada [NR] Action française
Subdivisión general [R] Congresos, conferencias, etc
9 (RLIN) 92177
650 #7 - ASIENTO SECUNDARIO DE MATERIA - TERMINO TEMATICO [R]
Término temático o nombre geográfico como elemento de entrada [NR] Nacionalismo
Subdivisión geográfica [R] Francia
Subdivisión cronológica [R] 1900-1945
Subdivisión general [R] Congresos, conferencias, etc
9 (RLIN) 20063
650 #7 - ASIENTO SECUNDARIO DE MATERIA - TERMINO TEMATICO [R]
Término temático o nombre geográfico como elemento de entrada [NR] Extrema derecha
Subdivisión geográfica [R] Francia
Subdivisión cronológica [R] 1900-1945
9 (RLIN) 15500
651 #6 - ASIENTO SECUNDARIO DE MATERIA - NOMBRE GEOGRAFICO [R]
Nombre geográfico [NR] Francia
Subdivisión general [R] Política y gobierno
Subdivisión cronológica [R] Siglo XX
9 (RLIN) 91947
700 1# - ASIENTO SECUNDARIO - NOMBRE PERSONAL [R]
Nombre personal [NR] Leymarie, Michel
Fechas asociadas con el nombre [NR] 1951-
Término de relación [R] editor
9 (RLIN) 92178
700 1# - ASIENTO SECUNDARIO - NOMBRE PERSONAL [R]
Nombre personal [NR] Prévotat, Jacques,
Fechas asociadas con el nombre [NR] 1939-
Término de relación [R] editor
9 (RLIN) 92179
710 2# - ASIENTO SECUNDARIO - NOMBRE CORPORATIVO [R]
Nombre corporativo o de jurisdicción como elemento de entrada [NR] Lnstitut de recherches historiques du Septentrion (Villeneuve d'Ascq, Nord)
Término de relación [R] editor
9 (RLIN) 92180
710 2# - ASIENTO SECUNDARIO - NOMBRE CORPORATIVO [R]
Nombre corporativo o de jurisdicción como elemento de entrada [NR] Centre d'histoire de Sciences po (Paris)
Término de relación [R] editor
9 (RLIN) 92181
710 2# - ASIENTO SECUNDARIO - NOMBRE CORPORATIVO [R]
Nombre corporativo o de jurisdicción como elemento de entrada [NR] Comité d'histoire parlementaire et politique (France)
Término de relación [R] editor
9 (RLIN) 92182
942 ## - ELEMENTOS DE ENTRADA AGREGADOS (KOHA)
Sistema de clasificación DEWEY
Tema principal Ciencia política
Tipo de ítem principal el descrito en 300a Libro
Edición 1
Clasificación 320.540
Parte restante de la signatura top. A188f
Existencias
Fecha de último préstamo Total préstamos Total Renewals Signatura topográfica Código de barras Última vez visto Ejemplar Costo de reposición Price effective from Tipo de ítem Perdido Sistema de clasificación Dañado No prestable Tipo de ítem específico Suprimido Ubicación habitual Ubicación actual Localización Fecha de creación Proveedor Forma de adquisición Costo
07/05/2018 2 1 320.540 A188f 100157032 05/06/2024 Ej.1 192731.00 10/04/2018 Libro   DEWEY     Libro   Bodega Bodega 3er piso 10/04/2018 19 Compra 192731.00